000 00339nam a2200133 i 4500
001 bg
100 1 _aSUFIN, Zbigniew
245 0 _aPuławy :
_bplanowe kierowanie procesem uprzemysłowienia /
_cZbigniew Sufin.
260 _aWarszawa,
_c1979.
040 _cBPK
041 _apol
942 _cKS
008 s pl f |000 0 pol
999 _c18914
_d18914
856 _uhttp://koha.tu.koszalin.pl/cgi-bin/koha/opac-detail.pl?biblionumber=18914
_yKatalog online BPK